| 000 | 01126nam a22003137a 4500 | ||
|---|---|---|---|
| 999 |
_c63813 _d63813 |
||
| 005 | 20240530110700.0 | ||
| 008 | 180101s1982 ua f f b 001 0 ara d | ||
| 040 | _aEG-CaGPL | ||
| 041 |
_aara _heng |
||
| 082 | 0 | 4 |
_221 _a709.1/ _bد ف |
| 100 | 1 | _aديماند ، م . س | |
| 245 | 1 | 2 |
_aالفنون الاسلامية / _cم . س ديماند ؛ ترجمة احمد محمد عيسى ؛ مراجعة وتقديم احمد فكري . |
| 250 | _aط. 3 | ||
| 260 |
_aالقاهرة : _bدار المعارف ، _c1982 |
||
| 300 |
_a349 ص : _bايض ؛ _c24 سم . |
||
| 504 | _aببليوجرافية : ص 327 - 339 | ||
| 650 | 0 | 7 |
_aqrmak _vالفن الاسلامي |
| 650 | 0 | 7 |
_aqrmak _vالفن الزخرفي |
| 650 | 0 | 7 |
_aqrmak _vالخزف |
| 650 | 0 | 7 |
_aqrmak _vالتحف |
| 650 | 0 | 7 |
_aqrmak _vالمخطوطات |
| 650 | 0 | 7 |
_aqrmak _vالنحت الزخرفي |
| 650 | 0 | 7 |
_aqrmak _vالسجاجيد |
| 650 | 0 | 7 |
_aqrmak _vالزجاج الملون |
| 650 | 0 | 7 |
_aqrmak _vالمنسوجات |
| 700 | 0 |
_aاحمد محمد عيسى _eمترجم |
|
| 700 | 0 |
_aاحمد فكري _eمراجع |
|
| 942 |
_2ddc _cBK |
||